The complete idiot's guide to etiquette
Đã lưu trong:
| Những tác giả chính: | , |
|---|---|
| Định dạng: | Sách |
| Ngôn ngữ: | Tiếng Anh |
| Được phát hành: |
Nueva York
Alpha Books
1996
|
| Những chủ đề: | |
| Các nhãn: |
Thêm thẻ
Không có thẻ, Là người đầu tiên thẻ bản ghi này!
|
MARC
| LEADER | 00000nam a2200000 a 4500 | ||
|---|---|---|---|
| 001 | UCO1426 | ||
| 003 | CL-VaPUC | ||
| 008 | 000512e19960000US |||||||||||||||||eng|d | ||
| 082 | 0 | 4 | |a 395 |b MIT |2 21 |
| 100 | |a Mitchell, Mary |e autora |9 443524 | ||
| 700 | 0 | |a Corr, John |e author |9 443525 | |
| 245 | 1 | 4 | |a The complete idiot's guide to etiquette |
| 300 | |a 325 p | ||
| 942 | |c BK | ||
| 945 | |d 20000512 00:00:00 |a vberengu | ||
| 260 | |a Nueva York |b Alpha Books |c 1996 | ||
| 650 | 0 | |a Costumbres y tradiciones |9 268292 | |
| 650 | 7 | |a ETIQUETA |2 CL-VaPUC |9 439545 | |
| 650 | 7 | |a MODALES |2 CL-VaPUC |9 443526 | |
| 583 | |a last modification |c 20000512 00:00:00 |k Rodrigo Vera | ||
| 999 | |c 288047 |d 288045 | ||
| 952 | |0 0 |1 0 |4 0 |6 395_000000000000000_MIT_1996 |7 0 |8 A |9 335237 |a BIBING |b BIBING |d 2019-11-20 |i 3603008 |o 395 MIT 1996 |p 3603008 |r 2025-01-20 |w 2019-11-20 |y BK |k EIQ | ||